Countries Closest to Australia - One Minute Sprint - Statistics

General Stats
  • This quiz has been taken 626 times
  • The average score is 16 of 20
Answer Stats
km country miles % Correct
1303 New Zealand 810
98%
208 Indonesia 130
96%
4 Papua New Guinea 2
93%
2591 Fiji 1610
85%
1391 Solomon Islands 864
82%
2250 Malaysia 1398
80%
3228 Tonga 2006
79%
3199 Tuvalu 1988
79%
1744 Vanuatu 1084
79%
2863 Nauru 1779
78%
3266 Marshall Islands 2029
77%
1995 Palau 1240
77%
461 Timor-Leste 286
77%
1778 Micronesia 1105
75%
3086 Kiribati 1918
73%
2798 Singapore 1738
73%
1920 Philippines 1193
72%
2402 Brunei 1493
67%
3391 Thailand 2107
67%
3413 Vietnam 2121
62%
No matching quizzes found
Score Distribution
Percent of People with Each Score
Percentile by Number Answered
Your Score History
You have not taken this quiz